[Event "Dortmund SuperGM 33rd"]
[Site "Dortmund"]
[Date "2005.07.08"]
[Round "1"]
[White "Leko, Peter"]
[Black "Van Wely, Loek"]
[Result "1-0"]
[WhiteElo "2763"]
[BlackElo "2655"]
[Annotator "Finkel,A"]
[PlyCount "109"]
[EventDate "2005.07.07"]
[EventType "tourn"]
[EventRounds "9"]
[EventCountry "GER"]
[EventCategory "19"]
[SourceTitle "CBM 108"]
[Source "ChessBase"]
[SourceDate "2005.09.26"]
[SourceVersion "1"]
[SourceVersionDate "2005.09.26"]
[SourceQuality "1"]

1. e4 c5 2. Nf3 Nc6 3. Bb5 g6 4. Bxc6 dxc6 5. d3 Bg7 6. h3 Nf6 7. Nc3 Nd7 {
Black's idea is not ot lose a tempo for castle followed by Re8 in order to
transfer the knight to e6 and d4 via f8. A rook on h8 can be useful to protect
the h6 pawn in case black wants to protect his darksquared bishop from
exchange.} (7... O-O 8. Bf4 Nd7 9. e5 Nb6 10. Ne4 c4 $1 11. d4 Nd5 12. Bh2 Bf5
13. Ng3 Qa5+ 14. Nd2 Be6 15. O-O c5 16. Nf3 c3 $17 {Conquest,S-Michaelsen,N/
Fuerth GER 1999}) 8. Be3 (8. O-O e5 9. Be3 O-O (9... Qe7 10. Ne2 $6 O-O 11. c3
$6 {[%csl Gd3]} b6 12. Qb3 Ba6 13. Rfd1 Rfd8 14. Rd2 Nf6 15. Rad1 c4 $1 $17 {
Lederer,Y-Sutovskij,E/Tel Aviv 1994/EXT 97}) 10. Qd2 Re8 11. Nh2 Qe7 12. Bh6
Bh8 13. Ng4 Nf8 $13 {Adams,M-Kramnik,V/Dortmund 2000/CBM 78}) 8... e5 (8... Qa5
$6 $146 9. Qd2 h6 $2 10. O-O e5 11. a3 {[%cal Gb2b4]} Nf8 $2 12. b4 cxb4 13.
axb4 Qxb4 14. Bxa7 $1 $18 {Oratovsky,M-Kagan,S/Ramat Aviv 2000/CBM 77 .}) (8...
a5 {Finkel,A} 9. a4 $6 b6 10. Qd2 h6 11. O-O e5 12. Ne2 $2 Nf8 {[%cal Gf8e6]}
13. c3 Ba6 14. Rfd1 Ne6 $17 {[%csl Gd3] Groffen,H-Abolianin,A/Vlissingen 1995/
EXT 2000}) (8... b6 9. Qd2 e5 10. Bh6 O-O 11. O-O-O Re8 12. g4 Nf8 13. Ne2 a5
14. Rdg1 Bf6 15. Bg5 Ne6 16. Bxf6 Qxf6 $13 {Bologan,V-Anand,V/New Delhi/Theran
2000/CBM 80}) 9. Qd2 (9. Nd2 Qe7 10. Nc4 b6 $5 (10... O-O 11. a4 Rd8 12. O-O
Nf8 13. a5 Ne6 14. Qd2 Bd7 15. f3 $14 {[%csl Rc5][%cal Gc3a4,Gd2f2] Oratovsky,
M-Rogozenko,D Banter Chess 2003}) 11. a4 Ba6 12. b3 Nf8 13. Qd2 Ne6 14. Bh6
Bxh6 15. Qxh6 Bxc4 16. bxc4 Nd4 17. Kd2 Qf6 18. f3 $14 {[%cal Ga4a5] Oratovsky,
M-Illescas,M/rapid Spain 2003}) 9... h6 {Aimed to prevent Be3-h6.} (9... Qe7 $5
{Finkel,A} 10. Bh6 Bxh6 11. Qxh6 f6 12. Nh2 Nf8 13. f4 exf4 14. Qxf4 Ne6 $14 {
Bologan,V-Damljanovich,B/JUG-chT/1994/}) 10. O-O (10. O-O-O $6 Qa5 $132 11. Kb1
Nf8 12. Ne2 Qxd2 13. Nxd2 Ne6 $11 {Kofidis,A-Tzermiadianos,A/GRE 1994}) 10...
Qe7 11. Nh2 {Intending to transfer f4 right away.} (11. a3 Nf8 (11... a5 12.
Nh2 {[%cal Gf2f4]} a4 13. f4 exf4 14. Bxf4 Ne5 15. Nf3 Nxf3+ 16. Rxf3 g5 17.
Be3 Be6 18. Qf2 b6 19. d4 cxd4 20. Bxd4 Bxd4 21. Qxd4 Qc5 22. Qxc5 bxc5 $16 {
[%csl Ga4,Gc5,Gc6,Gf6] Tseitlin,M-Schmittdiel,E/Groningen 1994}) 12. b4 Ne6 13.
Na4 Nd4 14. Ne1 b6 15. Rb1 cxb4 16. axb4 $14 {Melamed,T-Nekrasova,E/St
Petersburg 1996/EXT 2000}) 11... Nf8 (11... g5 $5 12. Ne2 Nf8 13. Ng3 Ng6 14.
Nh5 $1 O-O 15. Qc3 $1 b6 16. Nxg7 $5 Kxg7 17. f4 f6 18. f5 $40) 12. f4 exf4 13.
Bxf4 (13. Rxf4 {More popular 13.R:f4 since white may gain a tempo by
retreating to f2 with the rook, but Leko decides to put his bishop on g3.} Ne6
(13... Be6 14. Raf1 (14. Rf2 Nd7 15. Ne2 O-O-O {[#]} 16. Raf1 f6 17. Nf3 b6 18.
Bf4 h5 19. Bh2 $13 {Rublevsky,S-McShane,L/Istanbul 2003}) (14. Rff1 Nd7 15. Qf2
b6 16. a4 a5 17. Nf3 O-O 18. Qg3 g5 $13 {Oral,T-McShane,L/Qaqortoq 2003}) 14...
Nd7 15. R4f2 b6 (15... O-O-O $5 16. Ne2 Ne5 17. Qa5 b6 18. Qa6+ Kb8 19. Nf3 g5
20. Qa3 Nxf3+ 21. Rxf3 f5 $132 {Shchekachev,A-Wells,P/Austria 2003}) (15... f6
{Finkel,A} 16. Nf3 b6 17. Ne2 h5 18. e5 $5 O-O-O 19. exf6 Bxf6 20. Bg5 $14) 16.
Ng4 Bxg4 $6 17. Rxf7 Qxf7 18. Rxf7 Kxf7 19. hxg4 Ne5 20. Qf2+ Ke7 21. Qg3 $14 {
Grischuk,A-Radjabov,T/Bastia 2003}) 14. Rf2 Nd4 15. Raf1 (15. a4 Be6 16. Nf3
O-O-O 17. a5 g5 18. Na4 Rhf8 19. Re1 Qd6 20. e5 $5 Bxe5 21. Nxe5 Qxe5 22. Qc3
$14 {Vajda,A-Grigore,G/Eforie Nord 2002}) 15... Be6 16. Ng4 (16. b3 $146 O-O-O
17. Nf3 b6 18. Ne2 f5 19. Bxd4 cxd4 20. exf5 Bxf5 21. Ng3 $13 {Pikula,
D-Kovacevic,A/Banja Koviljaca 2002}) 16... O-O-O (16... Bxg4 17. hxg4 (17. Rxf7
Qxf7 18. Rxf7 Kxf7 19. hxg4 Rad8 20. Nd1 $14 {[%csl Rh6][%cal Gc2c3,Gd1f2]})
17... f6 18. b4 O-O-O 19. Ne2 Nxe2+ 20. Rxe2 cxb4 21. Bxa7 $36 {Palac,M-Loncar,
R/Zadar 2001}) (16... f5 17. Nxh6 Qh4 18. exf5 gxf5 19. Nxf5 Bxf5 20. Rxf5 Nxf5
21. Rxf5 O-O-O 22. Bxc5 $14 {Vokarev,S-Khasin,A/Koszalin 1999}) (16... Qh4 $2
17. Nf6+ Ke7 18. e5 $16 {Yu Shaoteng-Tatum,K/Dos Hermanas 2004}) 17. Nf6 Bxf6
18. Rxf6 Bf5 19. Bxh6 Qxf6 20. Bg5 Qd6 21. exf5 (21. Bxd8 {Finkel,A} Rxd8 22.
exf5 Nxf5 $11) 21... Nxf5 22. Bxd8 Rxd8 23. Qf2 Qd4 24. Qxd4 cxd4 25. Ne4 c5 {
1/2-1/2 Fernandez,D-Lesiege,A/Philadelphia 2003/EXT 2004 (25)}) 13... Ne6 14.
Bg3 (14. Be3 Nd4 15. Nd1 (15. Nf3 Be6 16. Qf2 Rd8 17. Rab1 O-O $13) 15... b6 (
15... Be6 16. Qf2 b6 17. c3 Nb5 18. a4 Nd6 19. a5 O-O $11 {Das,A-Sharma,D/
Chennai 2004}) 16. Nf2 (16. c3 Ne6 17. Nf3 Ba6 18. Nf2 Rd8 19. Qc2 O-O 20. Rad1
f5 $132 {Galdunts,S-Jakubiec,A/Griesheim 2002.}) 16... h5 17. c3 Ne6 18. Nf3
Ba6 19. Rad1 O-O 20. Bh6 f5 $11 {Abergel,T-Lazarev,V/Marseille 2003}) 14... Qg5
$2 {For some reason Van Wely decides to repeat variation which occured in his
game against Shirov a couple of months ago, even though it is pretty obvious
black is struggling for his life in that line.} (14... Nd4 15. e5 Bf5 (15...
Nf5 16. Bf2 Bxe5 17. Rae1 Bxh2+ 18. Kxh2 Be6 19. Qf4 b6 20. g4 Nd6 21. Bg3
O-O-O 22. Ne4 Nxe4 23. Qb8+ Kd7 24. Qc7+ Ke8 25. Qxc6+ $16) 16. Rae1 O-O-O 17.
Ne4 Bxe4 18. Rxe4 Nf5 19. Bf2 $14) 15. Qe1 Nd4 16. Qf2 O-O 17. Bd6 Bxh3 18. Bf4
$1 {Forcing black to sacrifice a piece.} (18. Bxf8 Rxf8 $13) 18... Qxg2+ 19.
Qxg2 Bxg2 20. Kxg2 Nxc2 21. Rad1 Rad8 22. Rd2 $1 {Very strong reply after
which black is deprived of any counterplay.} (22. Ng4 $6 h5 23. Nf2 Rfe8 24.
Ne2 Be5 25. Bc1 b6 26. a3 a5 27. a4 $14 {Shirov,A-Van Wely,L/Monte Carlo 2005})
22... Nd4 (22... Nb4 23. Rfd1 f5 24. Be3 b6 25. a3 Na6 26. exf5 Rxf5 27. Ne4
Nc7 28. Ng4 $16) 23. e5 {[%cal Gc3e4]} f5 $2 {Black's position is hopeless
after giving up a pawn, but also after correct} (23... h5 24. Ne4 Rd5 25. Re1
Re8 26. Nf3 $16 {I doubt black would be able to defend successfully for a long
time.} Nxf3 $140 27. Kxf3 Bxe5 $2 28. Nf6+ $18 {[%csl Re8]}) 24. exf6 Rxf6 25.
Ng4 {[%cal Gg4h6,Gg4f6]} Re6 26. Bxh6 Bxh6 27. Nxh6+ $18 Kg7 28. Nf7 $1 Rf8 29.
Ng5 Re5 30. Nce4 (30. Nf3 $6 Ref5 31. Rdf2 Ne6 32. Ne2 Rd8 33. Ne1 Rg5+ $16)
30... Rff5 31. Nf3 Nxf3 32. Rxf3 Rd5 33. Rdf2 b6 34. Kf1 Rxf3 35. Rxf3 c4 (
35... Rd4 36. Ng5 Rd7 37. Ke2 $18) 36. dxc4 Rd4 37. Nc3 Rxc4 38. Ke2 Rh4 39.
Kd3 Rh2 40. Ne2 g5 41. Kd2 $1 {[%cal Gf3a3,Gf3d3]} Kg6 42. Rd3 Rf2 (42... g4 $8
43. Rd6+ Kf5 44. Rxc6 g3 45. Ke3 g2 46. Nd4+ Kg5 $1 47. Nf3+ Kf5 48. Rc7 Kf6
$18) 43. Rd7 Rf7 44. Rxf7 Kxf7 45. Nd4 c5 46. Nb5 a6 47. Nc7 a5 48. a4 $1 Kf6
49. Nd5+ Ke5 50. Nxb6 Kd4 51. b3 g4 52. Nc4 g3 53. Ke2 Kc3 54. Nxa5 Kb4 55.
Nc6+ 1-0

[Event "Sao Paulo m"]
[Site "Sao Paulo"]
[Date "2000.08.16"]
[Round "6"]
[White "Vescovi, Giovanni P"]
[Black "Mecking, Henrique"]
[Result "1-0"]
[WhiteElo "2526"]
[BlackElo "2560"]
[Annotator "Finkel,A"]
[PlyCount "63"]
[EventDate "2000.08.07"]
[EventType "match"]
[EventRounds "6"]
[EventCountry "BRA"]
[SourceTitle "CBM 079"]
[Source "ChessBase"]
[SourceDate "2000.11.21"]
[SourceVersion "1"]
[SourceVersionDate "2000.11.21"]
[SourceQuality "1"]

1. e4 c5 2. Nf3 Nc6 3. Bb5 g6 4. O-O Bg7 5. Re1 e5 6. Bxc6 dxc6 7. d3 f6 8. Be3
(8. a4 b6 9. Na3 Nh6 10. h3 Nf7 11. a5 O-O 12. Be3 Ba6 13. Nd2 Qc7 14. Qb1 Rfb8
$13 {Mrdja,M-Bouton,C/Clichy 1998}) (8. c3 Nh6 9. h3 Nf7 10. Be3 b6 11. d4 cxd4
12. cxd4 O-O 13. Nc3 exd4 14. Nxd4 $14 {Plaskett,J-Burnett,R/Hampstead GM3 1998
}) 8... b6 (8... Qe7 9. Qd2 Bg4 10. Qc3 b6 11. b4 Bh6 12. bxc5 $14 {Meyer,
I-Machelett,H/GER-ch 1995}) 9. Qc1 $5 {Preventing black from developing the
knight to h6.} (9. Nbd2 Nh6 10. Nf1 O-O 11. Ng3 Be6 12. b3 Qd7 13. Qc1 Nf7 14.
Nd2 f5 $13 {Karlsen,A-McShane,L/Roskilde op 1998}) 9... Bg4 (9... Ne7 10. Nbd2
O-O 11. a3 a5 12. b3 a4 13. b4 cxb4 14. axb4 Be6 15. Ra3 $14 {Vasiukov,
E-Mikhailov,V/Moscow op 1995}) 10. Nbd2 a5 11. a3 a4 (11... Ne7 12. b4 axb4 13.
axb4 Rxa1 14. Qxa1 cxb4 15. Qa4 $1 {[%cal Ga4e8]} O-O 16. Qxb4 $14) 12. b4 $5
cxb4 ({Not so good is} 12... axb3 13. cxb3 Ne7 (13... Qxd3 14. Nc4 Ra6 (14...
Qd8 15. Rd1 Qb8 16. b4 cxb4 17. Nxb6 $16) 15. Rd1 Qxb3 16. Rb1 Qa4 17. Nxb6
Qxe4 18. Nc4 $16) 14. Qc4 Qd7 15. b4 Be6 16. Qc3 cxb4 17. axb4 Rb8 18. d4 $14)
13. axb4 Ne7 14. d4 O-O (14... exd4 15. Bxd4 O-O 16. Qb2 Qc7 17. h3 Bd7 18. Nc4
$14) 15. c4 f5 16. Bg5 $5 exd4 $6 {Inaccuracy causing black serious problems.
After correct} (16... h6 17. Bxe7 Qxe7 18. exf5 Rxf5 19. b5 cxb5 20. cxb5 Qe8
21. Qc4+ $14 {the position would remain unclear.}) 17. exf5 Ra7 (17... Rf7 $2
18. Rxe7 Rxe7 19. f6 $18) 18. fxg6 h6 $2 {After this mistake nothing can save
black from losing.} (18... hxg6 19. Ne5 (19. Rxa4 $6 Rxa4 20. Bxe7 Qc8 21. Bxf8
Qxf8 $14) 19... Bxe5 20. Rxe5 Rf7 21. Ne4 Qf8 22. Qd2 $16 {[%csl Rd6,Rf6]}) 19.
Rxa4 $1 Rxa4 20. Bxe7 Qc7 21. Bxf8 Kxf8 22. Qc2 $1 {[%cal Gc2e4]} Ra8 (22...
Rxb4 23. Qe4 Qd7 24. Ne5 $18) 23. Qe4 $18 Bxf3 24. Nxf3 Rd8 25. Qf5+ Kg8 26.
Qe6+ Kh8 27. Qf7 Qxf7 (27... Qd6 28. Nxd4) 28. gxf7 Rf8 29. Re8 c5 30. b5 Kh7
31. Ne5 h5 32. f4 1-0

[Event "Moscow Aeroflot op-A"]
[Site "Moscow"]
[Date "2006.02.08"]
[Round "1"]
[White "Motylev, Alexander"]
[Black "Filippov, Valerij"]
[Result "1-0"]
[WhiteElo "2638"]
[BlackElo "2568"]
[Annotator "Finkel,A"]
[PlyCount "69"]
[EventDate "2006.02.08"]
[EventType "swiss"]
[EventRounds "9"]
[EventCountry "RUS"]
[SourceTitle "CBM 112"]
[Source "ChessBase"]
[SourceDate "2006.06.07"]
[SourceVersion "1"]
[SourceVersionDate "2006.06.07"]
[SourceQuality "1"]

1. e4 c5 2. Nf3 Nc6 3. Bb5 g6 4. Bxc6 dxc6 5. d3 Bg7 6. h3 Nf6 7. Nc3 O-O 8.
Bf4 $5 Ne8 {Quite an odd place for the knight. More natural looks 8...Nd7 with
the idea to push e5.} (8... Nd7 9. e5 Nb6 (9... Qc7 10. Qe2 Nb6 11. O-O-O Nd5
12. Nxd5 cxd5 13. Qd2 Be6 14. Bh6 Rfd8 15. h4 Bh8 $132 {Leitao,R-Zambrana,O/
Santos 2004}) 10. Ne4 c4 11. d4 Nd5 12. Bh2 Bf5 13. Ng3 Qa5+ 14. Nd2 Be6 15.
O-O c5 $15 {Conquest,S-Michaelsen,N/Fuerth 1999}) 9. Qd2 f6 10. Be3 b6 11. h4
$1 {A fully justified decision. The waste of a tempo on h2-h3 is of minor
importance .} Bg4 12. O-O-O {[%cal Gd1g1,Gf3h2,Gh4h5]} ({The immediate} 12. h5
Bxh5 13. Bh6 e5 14. Bxg7 Nxg7 15. Qh6 Qd7 $132 {doesn't look too dangerous for
Black.}) 12... f5 $5 {Only way to stop White's attack.} 13. Rdg1 fxe4 14. Nxe4
Nf6 (14... Qd5 $5 15. Nc3 Bxc3 16. Qxc3 Bxf3 17. gxf3 Rf5 $13) 15. h5 Nxh5 $2 {
After the move in the game White's attack becomes unstopable. It was necessary
to swap the queens in order to neutralize White's threats.} (15... Bxh5 $2 16.
Nxf6+ Rxf6 17. Nh2 $16 {[%cal Gg2g4]}) (15... Nxe4 16. dxe4 Qxd2+ 17. Nxd2 Be6
$1) 16. Bh6 $16 Qc7 (16... Bxf3 17. gxf3 Rf5 18. Bxg7 Kxg7 19. Ng3 $18) 17.
Bxg7 Nxg7 18. Nfg5 h5 19. f3 Bf5 20. g4 hxg4 21. fxg4 Bxe4 $8 22. dxe4 $1 {
The knight is too bad on g7, so White's attack is lethal even after the queens
are being traded.} Rad8 23. Qh2 Qf4+ 24. Qxf4 Rxf4 25. Rh6 Rdf8 26. Kd2 Rf1 27.
Rg3 $1 $18 {[%cal Gg3h3]} (27. Rxf1 Rxf1 28. Rxg6 Rf6 29. Rxf6 exf6 30. Nf3 $14
) 27... Ne8 28. Rgh3 Kg7 29. Ne6+ Kf7 30. Nxf8 Kxf8 31. Ke2 Ra1 32. Rh8+ Kf7
33. Rf3+ Nf6 34. g5 Kg7 35. gxf6+ 1-0

[Event "Pinamar Masters 2nd"]
[Site "Pinamar"]
[Date "2002.03.23"]
[Round "4"]
[White "Felgaer, Ruben Alejandro"]
[Black "Pavasovic, Dusko"]
[Result "0-1"]
[WhiteElo "2509"]
[BlackElo "2547"]
[Annotator "Finkel,A"]
[PlyCount "65"]
[EventDate "2002.03.21"]
[EventType "tourn"]
[EventRounds "9"]
[EventCountry "ARG"]
[EventCategory "11"]
[SourceTitle "CBM 088"]
[Source "ChessBase"]
[SourceDate "2002.03.21"]
[SourceVersion "1"]
[SourceVersionDate "2002.03.21"]
[SourceQuality "1"]

1. e4 c5 2. Nf3 Nc6 3. Bb5 g6 4. O-O Bg7 5. c3 Nf6 6. d4 $5 {White is ready to
sacrifice a pawn to get better development.} cxd4 7. cxd4 Nxe4 8. d5 Nd6 9. Bd3
(9. Na3 a6 10. Ba4 (10. Bd3 Nb4 11. Nc4 Nxc4 12. Bxc4 b5 13. Bb3 a5 14. a3 Na6
15. Bg5 $44 {Etchegaray,P-Garcia Paolicchi,R/Zaragoza 1992/TD}) 10... b5 11.
dxc6 bxa4 12. Bg5 dxc6 13. Re1 f6 14. Qxa4 O-O 15. Bd2 c5 $13 {Rogers,
I-Zilberman,Y/London 1991/TD}) 9... Nb4 10. Nc3 O-O (10... Nxd3 11. Qxd3 O-O
12. Bf4 b5 (12... Nf5 13. g4 Nh6 14. h3 e5 15. Bxe5 Bxe5 16. Nxe5 d6 17. Qe3
$14 {Berni,G-Genocchio,D/Paderno del Grappa 2000/EXT 2001}) 13. Be5 f6 14. Bf4
b4 15. Na4 Qa5 16. Qb3 Ba6 17. Rfe1 Bc4 $17 {Feletar,D-Zelenika,S/Medulin 1997/
EXT 2000}) 11. Re1 b6 12. Bb1 $5 {[%csl Rd5][%cal Ga2a3,Gb1a2] Intending to
come to a2 with the bishop.} (12. Bf4 Bb7 13. Ne5 (13. Bxd6 exd6 14. Bc4 Rc8
15. Bb3 Rxc3 16. bxc3 Bxc3 17. Nd2 Bxa1 18. Qxa1 f5 $17 {Kotsur,
P-Tzermiadianos,A/Sofia 1994/TD}) 13... Rc8 14. Bf1 Rc5 15. Nd3 Nxd3 16. Qxd3
Nc4 $15 {Boyd,S-Mednis,E/Cannes 1995/CBM 46 ext}) 12... Bb7 13. Bf4 {Another
promising possibility was} (13. Ne5 $5 Rc8 (13... f6 14. Nf3 $44 {[%csl Rg7]})
14. a3 Na6 15. Ba2 $44) 13... Bxc3 $1 14. bxc3 Nxd5 15. Bxd6 $2 {Absolutely
unjustfied decision! After correct} (15. Bh6 Re8 16. Qd4 f6 (16... Nf6 17. Ng5
$13) 17. Qg4 $36 {[%csl Rg6][%cal Gh2h5] white has very strong initiative for
2 pawns.}) 15... exd6 16. Qd4 Qf6 $1 17. Be4 Qxd4 18. Nxd4 Bc6 $1 $17 {Now
white is just 2 pawns down in the endgame!} 19. c4 (19. Nxc6 dxc6 20. Bxd5 cxd5
21. Rad1 Rfe8 (21... Rac8 22. Rxd5 Rxc3 23. Rxd6 $17) 22. Kf1 Rxe1+ 23. Kxe1
Rc8 24. Rxd5 Rxc3 25. Rxd6 Ra3 26. Rd2 Kf8 $17) 19... Nb4 20. a3 $5 (20. Bxc6
dxc6 21. a3 Nd3 22. Re7 c5 23. Nc6 Rfe8 $19) 20... Bxe4 21. Rxe4 d5 $1 22. Re5
(22. Re7 $142 $5) 22... f6 23. Re7 Nc6 24. Nxc6 dxc6 25. cxd5 cxd5 26. Rd1 Rf7
27. Rxf7 Kxf7 28. Rxd5 Ke6 29. Rd3 Rc8 30. g3 b5 31. Kf1 Rc6 32. Ke2 a6 33. f4
$2 $19 {[%csl Rh2][%cal Gc6c2]} (33. h4 $5) 0-1

[Event "Maastricht m"]
[Site "Maastricht"]
[Date "2005.05.11"]
[Round "2"]
[White "Stellwagen, Daniel"]
[Black "Van Wely, Loek"]
[Result "1/2-1/2"]
[WhiteElo "2532"]
[BlackElo "2687"]
[Annotator "Finkel,A"]
[PlyCount "72"]
[EventDate "2005.05.10"]
[EventType "match"]
[EventRounds "4"]
[EventCountry "NED"]
[SourceTitle "CBM 107"]
[Source "ChessBase"]
[SourceDate "2005.08.01"]
[SourceVersion "1"]
[SourceVersionDate "2005.08.01"]
[SourceQuality "1"]

1. e4 c5 2. Nf3 Nc6 3. Bb5 g6 4. O-O Bg7 5. Re1 e5 6. Bxc6 ({Another popular
continuation is} 6. c3) 6... dxc6 7. d3 Qe7 (7... Bg4) 8. Nbd2 (8. a3 a5 (8...
Nf6 9. h3 (9. b4 Nd7 10. Nbd2 O-O 11. Bb2 Rd8 12. Nc4 Nb6 13. Na5 Na4 14. Bc1
Qc7 $13 {Timman,J-Reinderman,D/Wijk aan Zee 1999}) 9... O-O 10. Nbd2 h6 11. b4
Re8 12. Rb1 Nd7 13. Nc4 b6 14. Be3 Ba6 15. Nfd2 Rad8 16. f3 Bf8 17. Qe2 Qe6 18.
Qf2 Bc8 19. Kh1 Qf6 20. Qg3 Re6 21. Rf1 Rde8 22. Qf2 $14 {Enders,P-Cao Sang/
Budapest 1996/CBM 51}) 9. a4 Nf6 10. Na3 O-O 11. Nc4 Nh5 12. Bd2 Qc7 13. Be3 b6
14. b4 b5 15. axb5 cxb5 16. Rxa5 Rxa5 17. Nxa5 cxb4 18. Nb3 Bg4 $15 {
Svetushkin,D-Sorokin,M/Anibal Open, Linares ESP 1999}) (8. a4 Nf6 9. Nbd2 O-O
10. Nc4 Ne8 11. Be3 Nc7 12. h3 f6 13. Qc1 Be6 14. b3 $14 {Van der Wiel,J-Van
der Weide,K/NLD-chT 1996/EXT 99}) 8... Nf6 9. Nc4 Nd7 10. Bd2 {Transfering the
bishop to c3, and at the same time preparing the  breakthrough b2-b4. White
has the following possibilities as well:} (10. c3 O-O 11. a4 Rd8 12. a5 Nf8 13.
b3 Rb8 14. h3 $14 {Campora,D-Estremera Panos,S/Santiago 1995}) (10. Bg5 f6 11.
Be3 Nf8 12. a3 Bg4 13. b4 Ne6 14. bxc5 Nxc5 15. Na5 Ne6 16. Qb1 $14 {Movsesian,
S-Babula,V/After GP Mladi 1997}) (10. a4 Nb6 (10... O-O 11. a5 Rd8 12. Bd2 Nf8
13. Rb1 f6 14. b4 Be6 15. Ne3 b6 16. axb6 axb6 17. bxc5 {1/2-1/2 Anand,V-Leko,
P/Monaco 2004/CBM 099 ext (17)}) 11. Na5 O-O 12. b3 Nd7 13. Nc4 Rd8 14. Ba3 Nf8
15. Qd2 Bg4 16. Qe3 b6 {1/2-1/2 Anand,V-Kramnik,V/Dortmund 1996}) 10... O-O ({
Another plan was to play} 10... b6 $5 11. a3 (11. a4 O-O 12. Qc1 Re8 13. Rb1
Nf8 14. Bc3 f6 15. b4 Be6 16. Ne3 Bf7 $11 {Adams,M-Leko,P/Bled 2002}) 11... Ba6
12. Bc3 Bxc4 13. dxc4 O-O 14. Qe2 {1/2-1/2 Svidler,P-Leko,P/Wijk aan Zee 2004/
CBM 099 (14)}) 11. a3 Rd8 (11... b6 12. Bc3 a5 13. a4 $1 (13. Qd2 $2 a4 $1)
13... Ba6 14. b3 Rfb8 15. g3 Bxc4 16. bxc4 Nf8 17. Qc1 $1 $14 {Gelfand,B-Van
Wely,L/Plovdiv 2003}) 12. Bc3 (12. b4 b6 (12... f6 13. h3 b6 14. Qb1 $14 {
Poluljahov,A-Lanka,Z/MK Cafe Cup-A 1999}) (12... cxb4 $5 13. axb4 b6 14. Ra2
Qe6 15. Qa1 b5 16. Na5 c5 17. Nb3 c4 18. dxc4 Qxc4 $132 {Cuijpers,F-Reinderman,
D/Germany 2001}) 13. Qc1 Ba6 (13... Nf8 $5 {[%cal Gf8e6,Ge6d4]} 14. Bc3 f6 15.
bxc5 $6 Qxc5 16. Bb4 Qb5 17. Nd6 Qa4 18. Nxc8 Raxc8 $13) 14. Ne3 f6 15. Qb1 $5
$14 {Speelman,J-David,A/Mondariz 2000}) 12... f6 {[%cal Gd7f8,Gf8e6]} 13. Qc1
Nf8 14. b4 Be6 15. Na5 cxb4 16. axb4 Bf7 17. Qb2 $6 {This move is just too
slow. White had to push d4 right away, although black should be fine in that
case, too.} (17. d4 exd4 18. Nxd4 Qc7 $5 (18... Ne6 19. Nf5 gxf5 20. exf5 Re8
21. fxe6 Bxe6 22. Nb3 Qf7 23. Nd4 Bd5 24. f3 $14) 19. Nab3 Nd7 (19... Ne6 20.
Nxe6 Bxe6 21. Nd4 Bc4 22. Qe3 $14) 20. f4 Qb6 21. Qe3 Re8 $13) 17... Ne6 18.
Bd2 Rac8 {[%cal Gb7b6]} 19. Be3 b6 20. Nc4 c5 21. bxc5 Nxc5 22. Bxc5 $1 {
White's knights are not weaker than black's bishops pair.} (22. Nfd2) 22...
Rxc5 23. Ne3 Rd7 24. Ra3 Qd8 (24... f5 $6 25. Nd2) 25. c4 (25. Rea1 Rcc7 (25...
a5) 26. Nd5 $1 Bxd5 (26... Rb7 27. c4 $14) 27. exd5 Bf8 (27... Rxd5 28. Rxa7
Rxa7 29. Rxa7 Ra5 30. Rxa5 bxa5 31. Nd2 Bf8 $11) 28. Ra6 Rxd5 29. Qb3 Kh8 30.
Rxa7 Rxa7 31. Rxa7 Ra5 $11) 25... b5 $5 (25... Rxd3 26. Rxa7 f5 27. Qa1 fxe4
28. Ra8 Rc8 29. Rxc8 Qxc8 30. Ng5 Bxc4 31. Nxc4 Qxc4 32. Qa8+ Bf8 33. Qb7 $44)
26. cxb5 Qb8 27. Rb1 Rb7 28. Ra5 a6 29. Qa1 Rcxb5 30. Rbxb5 Rxb5 31. Nd2 Rxa5 (
31... Qd6 32. Rxa6 Qxd3 33. Ra8+ Bf8 34. Qa6 Kg7 35. h4 $11) 32. Qxa5 Qb5 (
32... Qd6 33. Nd5 Bf8 34. Nc4 Qc6 35. Qd8 Kg7 36. h4 Bc5 37. g3 $11) 33. Qd8+
Qe8 34. Qa5 Qb5 35. Qd8+ Qe8 36. Qa5 Qb5 1/2-1/2